Sabrina Carpenter - Paroles opposite - Statistiques

Statistiques générales
  • Ce quiz a été pris 30 fois
    28 depuis la dernière actualisation
  • Le résultat moyen est 284 sur 304
Statistiques - réponses
Hint Réponse % Correct
a
100%
And
100%
be
100%
brown
100%
can
100%
could
100%
do
100%
eyes
100%
girl
100%
Guess
100%
I
100%
If
100%
if
100%
in
100%
it
100%
it?
100%
it's
100%
It's
100%
knew
100%
know
100%
like
100%
look
100%
looks
100%
love
100%
me
100%
not
100%
nothing
100%
now?
100%
Now
100%
now
100%
Couplet 1 Oh,
100%
public
100%
see
100%
Refrain She
100%
she
100%
should
100%
so
100%
So
100%
that
100%
That
100%
the
100%
to
100%
to?
100%
wanted
100%
when
100%
with
100%
would
100%
would?
100%
y'all
100%
you
100%
You
100%
You're
100%
you're
100%
as
94%
Can't
94%
change
94%
compliment?
94%
contacts
94%
Even
94%
Face
94%
feel
94%
happy?
94%
have
94%
opposite
94%
other
94%
Paris
94%
really
94%
take
94%
tell,
94%
type?
94%
why
94%
anyway
88%
anyway)
88%
are
88%
cause
88%
'cause
88%
end
88%
(end
88%
Outro End
88%
feeling
88%
find
88%
get
88%
her
88%
Just
88%
just
88%
kinda
88%
notice
88%
of
88%
somehow
88%
think
88%
tried
88%
up
88%
were
88%
good?
82%
got
82%
on
82%
Tryna
82%
You'd
82%
Couplet 2 Does
76%
holding
76%
I'm
76%
more
76%
than
76%
beautiful
71%
but
71%
reply?
71%
Said
71%
say
71%
top
71%
wondering
71%
out
65%
being
59%
care
59%
don't
59%
lied
59%
picture
59%
Was
59%
painting
53%
bathe
47%
spotlight
41%
step
41%
Aucun quiz correspondant
Distribution des résultats
% des personnes avec chaque résultat
Percentile par nombre de réponses
Votre historique - résultats
Vous n’avez pas pris ce quiz depuis la dernière actualisation